00926nam a2200169Ia 4500008004100000020001500041050002200056100003700078245010300115260011200218300001800330490004200348500010200390505017900492650003500671650005000706120626s1997 mx 000 0 spa d a9687798084 aLA428 bT335 1997 aTaborga Torrico Huáscareautor aMetas, problemas y opciones de la matricula de Educación Superior c/ Huáscar, Taborga Torrico aMéxicob: Asociación Nacional de Universidades e Instituciones de Educación Superior (ANUIES)c, 1997 a147 páginas aBiblioteca de la educación superior aIncluye: Contenido, Presentación, Consideraciones previas, Conclusiones, Bibliografía, Anexos aLas metas previstas por el programa de desarrollo educativo, concernientes a la matrícula Problemas, opciones y sugerencias sobre la matrícula de Educación Superior  0aEDUCACIÓN SUPERIORxMÉXICO 0aUNIVERSIDADES Y COLEGIOSxMATRICULAzMÉXICO